000 00677nam a22002297a 4500
003 OSt
005 20140310181914.0
008 130715t xxu||||| |||| 00| 0 eng d
020 _a1551380080
050 _aLB 1575
_b.Sw83 1993
082 _aTR 372.13
_bSw2 1993
100 _aSwartz, Larry
_9299
245 _aClassroom events through poetry/
_cLarry Swartz.
260 _aOntario, Can :
_bPembroke Pub,
_cc1993.
300 _a128 p. :
_bill. ;
_c23 cm.
500 _aIncludes bibliographical references and index.
521 _aFaculty
541 _j1
562 _e1
650 _aPoetry
_xStudy and teaching (Elementary).
_9300
942 _2lcc
_cBK-TR
_kTR
999 _c6658
_d6658